书目信息 |
| 题名: |
中国工程兵传奇
|
|
| 作者: | 谭克明 著 | |
| 分册: | ||
| 出版信息: | 济南 黄河出版社 1999.05 |
|
| 页数: | 417页 | |
| 开本: | 32开 | |
| 丛书名: | ||
| 单 册: | ||
| 中图分类: | E271.6 | |
| 科图分类: | ||
| 主题词: | 武装力量--中国 , 军种--中国 , 兵种--中国 | |
| 电子资源: | ||
| ISBN: | 7-80152-110-2 | |
| 000 | 00605nam0 2200217 45 | |
| 001 | 0010021573 | |
| 005 | 20001002155925.6 | |
| 010 | @a7-80152-110-2@d20.00元 | |
| 100 | @a20001002d1999 km y0chiy0120 ea | |
| 101 | 0 | @achi |
| 105 | @a z 000yy | |
| 200 | 1 | @a中国工程兵传奇@AZhong Guo Gong Cheng Bing Chuan Qi@f谭克明 著@FTan Ke Ming Zhu |
| 210 | @a济南@c黄河出版社@d1999.05 | |
| 215 | @a417页@d32开 | |
| 606 | 0 | @a武装力量@x中国 |
| 606 | 0 | @a军种@x中国 |
| 606 | 0 | @a兵种@x中国 |
| 690 | @aE271.6@v3 | |
| 701 | 0 | @a谭克明@4著 |
| 801 | @aCN@bPftUser@c20001002 | |
| 905 | @b162344-348@dE271.6@eT530@f5 | |
| 中国工程兵传奇/谭克明 著.-济南:黄河出版社,1999.05 |
| 417页;32开 |
| ISBN 7-80152-110-2:20.00元 |
| ● |
| 相关链接 |
|
|
|
正题名:中国工程兵传奇
索取号:E271.6/T530
 
预约/预借
| 序号 | 登录号 | 条形码 | 馆藏地/架位号 | 状态 | 备注 |
| 1 | 162344 | 201623449 | 社科库509/422社科库 45排2列1层/ [索取号:E271.6/T530] | 在馆 | |
| 2 | 162345 | 201623458 | 社科库509/422社科库 16排2列4层/ [索取号:E271.6/T530] | 在馆 | |
| 3 | 162347 | 201623476 | 社科库509/509社科库 118排1列3层/ [索取号:E271.6/T530] | 在馆 | |
| 4 | 162348 | 201623485 | 社科库509/509社科库 118排1列3层/ [索取号:E271.6/T530] | 在馆 |